[Event "URS-ch sf"]
[Site "Daugavpils"]
[Date "1978.??.??"]
[Round "?"]
[White "Rashkovsky, Nukhim N"]
[Black "Lukin, Andrei M"]
[Result "1/2-1/2"]
[WhiteElo "2505"]
[BlackElo "2460"]

1. Nf3 g6 2. c4 Bg7 3. e4 c5 4. d4 cxd4 5. Nxd4 Nc6 6. Be3 Nf6 7. Nc3 O-O 8.  Be2 d6 9. O-O Bd7 10. h3 Nxd4 11. Bxd4 Bc6 12. Bd3 a5 13. Qd2 Nd7 14. Bxg7 Kxg7  15. f4 Qb6+ 16. Rf2 e5 17. Kh1 exf4 18. Rxf4 Qd4 19. Ne2 Qe5 20. Ng1 Nc5 21.  Nf3 Qe7 22. Re1 a4 23. Nd4 Qe5 24. Nf3 Qe7 25. Nd4 Qe5 26. Nf3 Qe7 27. Nd4 Qe5  28. Nf3 1/2-1/2

[Event "URS-ch sf"]
[Site "Daugavpils"]
[Date "1978.??.??"]
[Round "?"]
[White "Rytov, Boris"]
[Black "Korsunsky, Rostislav R"]
[Result "0-1"]
[WhiteElo "2200"]
[BlackElo "2200"]

1. Nf3 c5 2. c3 g6 3. d4 Bg7 4. e4 cxd4 5. cxd4 d5 6. e5 Bg4 7. Be2 Bxf3 8.  Bxf3 Nc6 9. O-O e6 10. Nc3 Nge7 11. Bg4 O-O 12. Be3 Nf5 13. Bxf5 gxf5 14. Kh1  Qh4 15. f4 f6 16. Qd2 Rad8 17. Rf3 Qh5 18. Raf1 Qf7 19. Bf2 Qd7 20. Bh4 Rc8 21.  Rg3 Kh8 22. Rh3 a6 23. Qd1 b5 24. Ne2 Qa7 25. Bf2 Qf7 26. Be1 Rc7 27. Ng1 Rfc8  28. Nf3 Ne7 29. Bc3 Ng6 30. Nd2 b4 31. Qh5 Bf8 32. Nb1 bxc3 33. Nxc3 Bb4 34.  Ne2 Rc2 35. a3 Bf8 36. exf6 R8c7 37. g4 Rxe2 38. gxf5 Nxf4 0-1

[Event "URS-ch sf"]
[Site "Daugavpils"]
[Date "1978.??.??"]
[Round "?"]
[White "Rytov, Boris"]
[Black "Mishuchkov, Nikolai M"]
[Result "0-1"]
[WhiteElo "2200"]
[BlackElo "2410"]

1. d4 Nf6 2. Nf3 g6 3. c4 Bg7 4. Nc3 d5 5. e3 O-O 6. cxd5 Nxd5 7. Bc4 Nxc3 8.  bxc3 c5 9. O-O Nc6 10. Ba3 Na5 11. Be2 b6 12. dxc5 Qc7 13. cxb6 axb6 14. Nd4  Bb7 15. Bf3 Bxf3 16. Qxf3 Nc4 17. Bc1 Ne5 18. Qe4 Qxc3 19. Rb1 Rxa2 20. Rxb6  Rc8 21. h3 Qd3 22. Qxd3 Nxd3 23. Nb3 Be5 24. e4 Nxc1 25. Nxc1 Ra1 26. Nd3 Bh2+  27. Kxh2 Rxf1 28. Rb2 Rd1 29. Rb3 Rc2 30. Kg3 Rcd2 31. Rb8+ Kg7 32. Ne5 Ra1 33.  Nc4 Re2 34. f3 Rg1 35. Rb7 g5 0-1

[Event "URS-ch sf"]
[Site "Daugavpils"]
[Date "1978.??.??"]
[Round "?"]
[White "Rytov, Boris"]
[Black "Shereshevsky, Yakov I"]
[Result "1-0"]
[WhiteElo "2200"]
[BlackElo "2460"]

1. d4 Nf6 2. c4 c5 3. d5 b5 4. cxb5 a6 5. bxa6 Bxa6 6. Nc3 g6 7. g3 d6 8. Nh3  Bg7 9. Nf4 O-O 10. h4 Nbd7 11. h5 Qa5 12. Bd2 Rfb8 13. hxg6 hxg6 14. Qc2 Ne5  15. Ne4 Qb6 16. Bc3 Bc4 17. Nxf6+ exf6 18. b3 Bb5 19. Bg2 f5 20. O-O Ra6 21.  Bb2 Raa8 22. Rfb1 Be8 23. Nd3 Nxd3 24. Qxd3 Qd8 25. Qd2 Bf6 26. e3 Kg7 27. Bf1  Bxb2 28. Qxb2+ Qf6 29. Qxf6+ Kxf6 30. a4 Rb4 31. Bc4 Bd7 32. Rc1 Ra5 33. Rc3  Bc8 34. f4 Ba6 35. Ra3 Rb8 36. Kg2 Re8 37. Bxa6 Rxa6 38. Ra1 Rb8 39. Kf3 Rab6  40. Ra3 Ra8 41. Ke2 Rab8 42. a5 Ra6 43. Rc4 Rb5 44. Rca4 Ra7 45. Kd3 Rb8 46.  Kc4 Re7 47. a6 Re4+ 48. Kd3 Rxb3+ 49. Rxb3 Rxa4 50. Rb6 Ra3+ 51. Kc4 Rxe3 52.  Rb3 1-0

[Event "URS-ch sf"]
[Site "Daugavpils"]
[Date "1978.??.??"]
[Round "?"]
[White "Shereshevsky, Yakov I"]
[Black "Kozlov, V."]
[Result "0-1"]
[WhiteElo "2460"]
[BlackElo "2445"]

1. d4 Nf6 2. Nf3 g6 3. Nc3 d5 4. Bf4 Bg7 5. e3 O-O 6. Bd3 c5 7. O-O Bg4 8. dxc5  Nbd7 9. Be2 Nxc5 10. h3 Bxf3 11. Bxf3 e6 12. Rb1 Rc8 13. Ne2 b5 14. Nc1 Qb6 15.  Nd3 b4 16. a3 bxa3 17. bxa3 Qa6 18. Nxc5 Rxc5 19. Qd3 Qc6 20. Rfc1 a5 21. Qb3  Rc8 22. Qb7 Bf8 23. Qa7 Ra8 24. Qb7 Rc4 25. Be2 Qxb7 26. Rxb7 Rcc8 27. a4 Ne4  28. Bb5 Ba3 29. Ra1 Bb2 30. Rb1 Bf6 31. Rc7 e5 32. Rxc8+ Rxc8 33. Ba6 Ra8 34.  Bh6 Bd8 35. Bb5 Rb8 36. Rb3 Nd6 37. Bc6 Rxb3 38. cxb3 Nf5 39. g4 Nxh6 40. Bxd5  0-1

[Event "URS-ch sf"]
[Site "Daugavpils"]
[Date "1978.??.??"]
[Round "?"]
[White "Shereshevsky, Yakov I"]
[Black "Krivonosov, Oleg"]
[Result "1/2-1/2"]
[WhiteElo "2460"]
[BlackElo "2200"]

1. d4 d5 2. Nf3 Nf6 3. Bf4 c6 4. e3 Bf5 5. Be2 e6 6. O-O Bd6 7. Ne5 O-O 8. Nd2  Qc7 9. g4 Bg6 10. h4 h6 11. c4 Nbd7 12. Nxg6 fxg6 13. Bxd6 Qxd6 14. c5 Qc7 15.  g5 Nh7 16. f4 hxg5 17. hxg5 e5 18. dxe5 Nxe5 19. Kg2 Rae8 20. fxe5 Qxe5 21.  Rxf8+ Kxf8 22. Nf1 Qxg5+ 23. Kf2 Qh4+ 24. Kg1 1/2-1/2

[Event "URS-ch sf"]
[Site "Daugavpils"]
[Date "1978.??.??"]
[Round "?"]
[White "Shereshevsky, Yakov I"]
[Black "Vladimirov, Evgeny"]
[Result "1/2-1/2"]
[WhiteElo "2460"]
[BlackElo "2445"]

1. d4 e6 2. Nf3 Nf6 3. e3 c5 4. Bd3 d5 5. b3 Be7 6. Bb2 O-O 7. Nbd2 b6 8. O-O  Bb7 9. Ne5 Nc6 10. a3 a5 11. f4 Nd7 12. Nxc6 Bxc6 13. dxc5 Bxc5 14. Bxh7+ Kxh7  15. Qh5+ Kg8 16. Bxg7 f5 17. Bh6 Bxe3+ 18. Kh1 Qf6 19. Rf3 Qxa1+ 20. Nf1 Bd4  21. Qg6+ Bg7 22. Bxg7 Qxg7 23. Qxe6+ Rf7 24. Qxc6 Qf8 25. Rg3+ Kh8 26. Rh3+ Kg8  27. Rg3+ 1/2-1/2

[Event "URS-ch sf"]
[Site "Daugavpils"]
[Date "1978.??.??"]
[Round "?"]
[White "Shereshevsky, Yakov I"]
[Black "Yurtaev, Leonid"]
[Result "1-0"]
[WhiteElo "2460"]
[BlackElo "2200"]

1. d4 Nf6 2. Nf3 c5 3. d5 g6 4. Nc3 Bg7 5. e4 O-O 6. Be2 d6 7. O-O Na6 8. h3  Rb8 9. Bf4 b5 10. e5 Ne8 11. Nxb5 Nac7 12. Nxa7 Rxb2 13. Nxc8 Qxc8 14. c4 Na6  15. a3 Qf5 16. Bc1 Rb6 17. Bd3 Qd7 18. Bf4 Qb7 19. Rb1 Nb8 20. Rxb6 Qxb6 21.  Qa4 dxe5 22. Nxe5 Nd6 23. Rb1 Qc7 24. Qb3 g5 25. Bg3 f5 26. Nf3 h6 27. Bxf5 Nd7  28. Be6+ Kh8 29. Qd3 Ra8 30. Re1 Nf8 31. Ne5 Qa5 32. Re3 Qa4 33. Rf3 1-0

[Event "URS-ch sf"]
[Site "Daugavpils"]
[Date "1978.??.??"]
[Round "?"]
[White "Sturua, Zurab"]
[Black "Gavrikov, Viktor"]
[Result "1/2-1/2"]
[WhiteElo "2395"]
[BlackElo "2200"]

1. g3 g6 2. Bg2 Bg7 3. f4 d5 4. Nf3 Nf6 5. O-O c5 6. d3 d4 7. c3 O-O 8. e4 dxe3  9. Bxe3 Qc7 10. Ne5 Be6 11. Na3 Nbd7 12. Nac4 Nxe5 13. Nxe5 Bd5 14. Bh3 b6 15.  Qe2 Bb7 16. Rae1 Rad8 17. Bc1 e6 18. a3 Nd7 19. Nf3 Nb8 20. Bg2 Bd5 21. g4 Qc8  22. h4 Nd7 23. h5 Nf6 24. Ne5 Rfe8 25. Bh3 Qc7 26. hxg6 fxg6 27. Be3 Bb7 28.  Bf2 Nd7 29. Bh4 Rb8 30. Nxd7 Qxd7 31. Bg2 1/2-1/2

[Event "URS-ch sf"]
[Site "Daugavpils"]
[Date "1978.??.??"]
[Round "?"]
[White "Sturua, Zurab"]
[Black "Gedevanishvili, Dmitry"]
[Result "1/2-1/2"]
[WhiteElo "2395"]
[BlackElo "2200"]

1. d4 Nf6 2. c4 e6 3. Nf3 b6 4. g3 Bb7 5. Bg2 Be7 6. O-O O-O 7. Nc3 Ne4 8. Nxe4  Bxe4 9. Ne1 Bxg2 10. Nxg2 d5 11. Qa4 Qd7 12. Qxd7 Nxd7 13. cxd5 exd5 14. Bf4 c6  15. Ne3 Bf6 16. Rfd1 Rfe8 17. Kf1 g6 18. h4 1/2-1/2

[Event "URS-ch sf"]
[Site "Daugavpils"]
[Date "1978.??.??"]
[Round "?"]
[White "Sturua, Zurab"]
[Black "Khodos, German L"]
[Result "1-0"]
[WhiteElo "2395"]
[BlackElo "2200"]

1. Nf3 c5 2. c4 Nc6 3. g3 e5 4. Nc3 g6 5. Bg2 Bg7 6. O-O Nge7 7. d3 O-O 8. Ne1  a6 9. Nc2 Rb8 10. Ne3 b5 11. Ncd5 d6 12. Rb1 Nxd5 13. Nxd5 Ne7 14. b3 Nxd5 15.  Bxd5 Bh3 16. Bg2 Bxg2 17. Kxg2 d5 18. cxd5 Qxd5+ 19. e4 Qd6 20. Be3 Rfd8 21.  Rc1 Rbc8 22. Qc2 Qxd3 23. Qxd3 Rxd3 24. Rxc5 Rxc5 25. Bxc5 Rd2 26. a4 bxa4 27.  bxa4 Rc2 28. Bd6 f5 29. exf5 gxf5 30. Re1 e4 31. Bf4 Ra2 32. Rd1 Rxa4 33. Rd5  Kf7 34. Rxf5+ Ke6 35. Rh5 Ra2 36. Be3 h6 37. Kh3 Kf7 38. Kg4 a5 39. Kf4 a4 40.  Ra5 Bc3 41. Ra7+ Ke6 42. Kxe4 a3 43. f4 h5 44. Bc5 Bb2 45. f5+ Kf6 46. Be7+ Kf7  47. Bxa3+ Kg8 48. Bc5 1-0

[Event "URS-ch sf"]
[Site "Daugavpils"]
[Date "1978.??.??"]
[Round "?"]
[White "Sturua, Zurab"]
[Black "Kudriashov, Anatoli"]
[Result "1-0"]
[WhiteElo "2395"]
[BlackElo "2200"]

1. d4 Nf6 2. Nf3 e6 3. c4 b6 4. g3 Ba6 5. b3 Bb4+ 6. Bd2 Be7 7. Bg2 O-O 8. O-O  d5 9. Ne5 c6 10. Bc3 Nfd7 11. Nxd7 Nxd7 12. Nd2 f5 13. Rc1 Qe8 14. Re1 Nf6 15.  Bb2 Bd6 16. f3 Qg6 17. e4 Bb4 18. e5 Nd7 19. f4 Rac8 20. a3 Be7 21. b4 Rfd8 22.  b5 Bb7 23. Qa4 a6 24. cxd5 exd5 25. bxc6 Bxc6 26. Rxc6 Rxc6 27. Bxd5+ Re6 28.  Qb3 Nf8 29. Rc1 Kh8 30. Nf3 Qh5 31. Bxe6 Nxe6 32. Kf2 Nxd4 33. Bxd4 Rxd4 34.  Nxd4 Qxh2+ 35. Ke3 Bc5 36. Rxc5 Qg1+ 37. Kd3 1-0

[Event "URS-ch sf"]
[Site "Daugavpils"]
[Date "1978.??.??"]
[Round "?"]
[White "Sturua, Zurab"]
[Black "Zlotnik, Boris A"]
[Result "0-1"]
[WhiteElo "2395"]
[BlackElo "2430"]

1. g3 g6 2. Bg2 Bg7 3. c4 e5 4. Nc3 Nc6 5. e3 d6 6. Nge2 Nge7 7. O-O h5 8. h4  Bg4 9. d3 Qd7 10. Nd5 O-O-O 11. e4 f6 12. f3 Be6 13. Rb1 Rdf8 14. b4 g5 15. b5  Nd4 16. Nxd4 exd4 17. hxg5 Bxd5 18. cxd5 h4 19. gxh4 Rxh4 20. a4 Ng6 21. a5 Kb8  22. b6 cxb6 23. axb6 a6 24. f4 fxg5 25. fxg5 Rfh8 26. Rf5 Be5 27. Qf3 R4h7 28.  Bd2 Rc8 29. Be1 Qa4 30. Bg3 Qc2 31. Rf1 Qc5 32. Rxe5 Nxe5 33. Bxe5 dxe5 34. Qf5  Re7 35. Qf6 Rg8 36. Bh3 Reg7 37. Qxe5+ Ka8 38. Rf5 Qxb6 39. d6 0-1

[Event "URS-ch sf"]
[Site "Daugavpils"]
[Date "1978.??.??"]
[Round "?"]
[White "Suetin, Alexey S"]
[Black "Dolmatov, Sergey"]
[Result "1/2-1/2"]
[WhiteElo "2535"]
[BlackElo "2495"]

1. Nf3 d5 2. d4 c6 3. c4 e6 4. e3 Nf6 5. Bd3 Nbd7 6. Nbd2 dxc4 7. Nxc4 c5 8.  O-O Be7 9. Qe2 O-O 10. Rd1 cxd4 11. exd4 b6 12. Bf4 Bb7 13. Rac1 Nd5 14. Bg3  N7f6 15. Nce5 Rc8 16. Ba6 Rxc1 17. Rxc1 Qa8 18. a3 h6 19. Qc4 Ne4 20. Bxb7 Qxb7  21. Qc6 Qxc6 22. Rxc6 Rd8 23. Kf1 Nd6 24. Ke2 Nf5 25. Rc2 f6 26. Nc6 Rc8 27.  Kd3 g5 28. Bb8 a6 29. g4 Ng7 30. h3 h5 31. Bg3 Ne8 32. gxh5 Ng7 33. Nb8 Rxc2  34. Kxc2 a5 35. Nc6 Nxh5 36. Nxe7+ Nxe7 37. Kb3 Nd5 38. Kc4 Nxg3 39. fxg3 Nc7  40. Nd2 Kf7 41. Ne4 Kg6 42. g4 f5 43. Nd2 f4 44. Nf3 Kf6 45. Ne5 Kg7 46. a4 Kh6  47. Kd3 Kg7 48. Nc4 Nd5 49. Ke4 Kf6 50. Ne5 Kg7 51. Kf3 Kh7 52. h4 gxh4 53. Kg2  Ne3+ 54. Kh3 Nd1 55. b3 Nf2+ 56. Kxh4 Ne4 57. g5 Nd2 58. Kg4 Nxb3 59. Nc6 Nc1  60. Kxf4 Nd3+ 61. Ke4 Nb2 62. Ke5 Kg6 1/2-1/2

[Event "URS-ch sf"]
[Site "Daugavpils"]
[Date "1978.??.??"]
[Round "?"]
[White "Suetin, Alexey S"]
[Black "Faibisovich, Vadim Z"]
[Result "1/2-1/2"]
[WhiteElo "2535"]
[BlackElo "2460"]

1. e4 c6 2. Nc3 d5 3. Nf3 dxe4 4. Nxe4 Nf6 5. Nxf6+ exf6 6. Bc4 Bd6 7. Qe2+ Qe7  8. Qxe7+ Kxe7 9. d4 Be6 10. Bd3 Nd7 11. c4 Rhe8 12. Be3 Kf8 13. h3 Bb4+ 14. Kf1  a6 15. g3 b5 16. b3 Rad8 17. Kg2 Ne5 18. Be4 Nxf3 19. Bxf3 bxc4 20. Bxc6 Re7  21. bxc4 Bxc4 22. Rac1 Bd3 23. Bf3 1/2-1/2

[Event "URS-ch sf"]
[Site "Daugavpils"]
[Date "1978.??.??"]
[Round "?"]
[White "Suetin, Alexey S"]
[Black "Klovans, Janis"]
[Result "1/2-1/2"]
[WhiteElo "2535"]
[BlackElo "2490"]

1. d4 d5 2. c4 e6 3. Nc3 Nf6 4. cxd5 Nxd5 5. Nf3 c5 6. g3 Nc6 7. Bg2 Nxc3 8.  bxc3 cxd4 9. cxd4 Bb4+ 10. Bd2 Qa5 11. Bxb4 Qxb4+ 12. Qd2 Qxd2+ 13. Kxd2 Bd7  14. Rhc1 Rc8 15. e3 Ke7 16. a4 b6 17. Ne1 Rhd8 18. Bxc6 Rxc6 19. Rxc6 Bxc6 20.  a5 Kd6 21. axb6 axb6 22. Nd3 Ra8 23. Rxa8 Bxa8 24. Kc3 f6 25. Nf4 Bf3 1/2-1/2

[Event "URS-ch sf"]
[Site "Daugavpils"]
[Date "1978.??.??"]
[Round "?"]
[White "Suetin, Alexey S"]
[Black "Kupreichik, Viktor D"]
[Result "0-1"]
[WhiteElo "2535"]
[BlackElo "2200"]

1. Nf3 d5 2. d4 Nf6 3. c4 e6 4. Bg5 h6 5. Bxf6 Qxf6 6. Nc3 dxc4 7. e4 a6 8.  Bxc4 b5 9. Bd3 c5 10. e5 Qd8 11. dxc5 Bxc5 12. O-O Ra7 13. Qe2 Rd7 14. Rfd1 O-O  15. a4 b4 16. Ne4 Be7 17. Bc2 Bb7 18. Rxd7 Nxd7 19. Ned2 Qc7 20. Be4 Bxe4 21.  Qxe4 Rd8 22. Nb3 Nc5 23. Qc2 Qd7 24. h3 Qd3 25. Qxd3 Nxd3 26. Rb1 Rd5 27. Kf1  Kf8 28. g3 Ke8 29. Nfd4 Rxe5 30. Nc6 Rd5 31. Ke2 Nc5 32. Nxc5 Rxc5 33. Nxe7  Kxe7 34. Kd3 Kd6 35. Re1 e5 36. Re4 Rd5+ 37. Kc2 Rd4 38. Re2 e4 39. Kb3 a5 40.  Kc2 f5 41. h4 g5 42. hxg5 hxg5 43. Re3 Ke5 44. Rb3 g4 45. Re3 f4 0-1

[Event "URS-ch sf"]
[Site "Daugavpils"]
[Date "1978.??.??"]
[Round "?"]
[White "Suetin, Alexey S"]
[Black "Lputian, Smbat G"]
[Result "1/2-1/2"]
[WhiteElo "2535"]
[BlackElo "2200"]

1. e4 e6 2. d4 d5 3. e5 c5 4. c3 Bd7 5. Nf3 Qb6 6. a3 a5 7. Bd3 Bb5 8. O-O Bxd3  9. Qxd3 Nc6 10. dxc5 Bxc5 11. c4 Qa6 12. Nbd2 Nge7 13. Qc2 Rc8 14. b3 O-O 15.  Bb2 Rfd8 16. Rac1 Ba7 17. h4 h6 18. Rfe1 Nf5 19. cxd5 Rxd5 20. Ne4 Qd3 21. Qxd3  Rxd3 22. Bc3 Rcd8 23. Kf1 1/2-1/2

[Event "URS-ch sf"]
[Site "Daugavpils"]
[Date "1978.??.??"]
[Round "?"]
[White "Suetin, Alexey S"]
[Black "Rashkovsky, Nukhim N"]
[Result "1/2-1/2"]
[WhiteElo "2535"]
[BlackElo "2505"]

1. e4 c5 2. Nc3 d6 3. Nge2 Nf6 4. g3 e5 5. Bg2 Be7 6. O-O O-O 7. d3 Nc6 8. f4  Rb8 9. a4 Nd4 10. h3 b6 11. g4 Bb7 12. Ng3 exf4 13. Bxf4 Ne8 14. Nd5 Bg5 15.  Qd2 Bxf4 16. Rxf4 Qg5 17. Raf1 Ne6 18. R4f2 Qxd2 19. Rxd2 g6 20. h4 Kg7 21.  Rdf2 h6 22. Bh3 N8c7 23. Nf6 Rfd8 24. c4 1/2-1/2

[Event "URS-ch sf"]
[Site "Daugavpils"]
[Date "1978.??.??"]
[Round "?"]
[White "Taborov, Boris"]
[Black "Kosikov, Alexey I"]
[Result "1/2-1/2"]
[WhiteElo "2370"]
[BlackElo "2395"]

1. d4 Nf6 2. c4 e5 3. dxe5 Ne4 4. Nf3 Bb4+ 5. Nbd2 Nc6 6. a3 Bxd2+ 7. Bxd2 Nxd2  8. Qxd2 Qe7 9. Qc3 O-O 10. e3 Re8 11. Be2 Nxe5 12. O-O d6 13. Rac1 Bd7 14. c5  dxc5 15. Qxc5 Qxc5 16. Rxc5 Nxf3+ 17. Bxf3 c6 18. Rd1 Red8 19. Kf1 Be6 20.  Rxd8+ Rxd8 21. Ke1 Kf8 22. Be2 Ke7 23. Rc3 Rd6 24. Bc4 b6 25. Bxe6 Kxe6 26. b4  Kd7 27. Ke2 h5 28. h4 Rg6 29. Rd3+ Rd6 30. Rc3 Rg6 31. Rd3+ Rd6 1/2-1/2

[Event "URS-ch sf"]
[Site "Daugavpils"]
[Date "1978.??.??"]
[Round "?"]
[White "Taborov, Boris"]
[Black "Krivonosov, Oleg"]
[Result "1-0"]
[WhiteElo "2370"]
[BlackElo "2200"]

1. e4 e5 2. Nf3 Nc6 3. Bb5 a6 4. Ba4 Nf6 5. O-O Be7 6. Re1 b5 7. Bb3 d6 8. c3  O-O 9. h3 h6 10. d4 Re8 11. Nbd2 Bf8 12. Nf1 Bb7 13. Ng3 Na5 14. Bc2 Nc4 15.  Bd3 Nb6 16. Bd2 c5 17. d5 Bc8 18. b3 c4 19. Bc2 Bd7 20. Be3 cxb3 21. axb3 a5  22. Nd2 Qc7 23. Bd3 a4 24. b4 Rec8 25. Ra3 Qb7 26. Qe2 Rc7 27. Qf3 Rac8 28. Ne2  Be7 29. g4 Nh7 30. Qg3 Bg5 31. f4 exf4 32. Bxf4 Bxf4 33. Qxf4 Nc4 34. Bxc4 Qb6+  35. Qf2 Qxf2+ 36. Kxf2 bxc4 37. Nd4 Nf8 38. b5 Ng6 39. Rxa4 Ne5 40. Rb1 Rc5 41.  Ke3 Rb8 42. Nc6 Rcxb5 43. Nxb8 Rxb1 44. Nxd7 Re1+ 45. Kd4 Nxd7 46. Nxc4 Rd1+  47. Ke3 Nc5 48. Ra8+ Kh7 49. Nxd6 Rd3+ 50. Ke2 Rxc3 51. Ra7 Kg6 52. Rxf7 Rxh3  53. Rc7 Nd3 54. Nf5 Kf6 55. Rxg7 Ke5 56. Re7+ Kf4 57. d6 Nc5 58. e5 Rh2+ 59.  Kd1 Ne4 60. Kc1 Rh1+ 61. Kb2 Rd1 62. d7 Nc5 63. Nd6 Nxd7 64. Rxd7 Re1 65. Nc4  Kxg4 66. Kc2 h5 67. Kd2 Re4 68. Kd3 Re1 69. Ne3+ Kf4 70. Ng2+ 1-0

[Event "URS-ch sf"]
[Site "Daugavpils"]
[Date "1978.??.??"]
[Round "?"]
[White "Taborov, Boris"]
[Black "Zlotnik, Boris A"]
[Result "1/2-1/2"]
[WhiteElo "2370"]
[BlackElo "2430"]

1. e4 d6 2. d4 Nf6 3. Nc3 g6 4. Bg5 c6 5. Qd2 b5 6. Bd3 h6 7. Be3 Nbd7 8. Nf3  e5 9. O-O Bb7 10. h3 Bg7 11. a4 b4 12. Ne2 c5 13. d5 Qc7 14. Ng3 h5 15. Nh4 Ng8  16. c3 Bf6 17. Bg5 Bxg5 18. Qxg5 Qd8 19. Qxd8+ Kxd8 20. a5 bxc3 21. bxc3 Rb8  22. Nf3 Ngf6 23. Nd2 h4 24. Ne2 Ke7 25. Rab1 Ne8 26. Rb2 Nc7 27. Rfb1 Ba8 28.  Rxb8 Nxb8 29. f4 Nd7 30. Kf2 exf4 31. Nxf4 Ne5 32. Bc2 f5 33. c4 Na6 34. exf5  gxf5 35. Nf3 Kf6 36. Nxe5 dxe5 37. Ne6 e4 38. Ba4 Ke5 39. Rb5 Rc8 40. Rb1 Nb4  41. Nxc5 Na2 42. Nd7+ Kf4 43. Bb3 Nc3 44. Rf1 Rc7 45. Nf8 Rb7 46. Ne6+ Ke5 47.  Nc5 Rc7 48. Ne6 Rc8 49. Ke1 Rb8 50. Bc2 Rb4 51. Kd2 Rxc4 52. Bb3 Rc8 53. Rc1  e3+ 54. Kd3 e2 55. Nd4 e1=Q 56. Rxe1+ Ne4 57. Nf3+ Kf4 58. Kd4 Nd6 59. Kd3 Bb7  60. Re6 Ne4 61. Kd4 Nc5 62. Re3 Rd8 63. Bc4 Ne4 64. Nxh4 Nd6 65. g3+ Kg5 66.  Nf3+ Kf6 67. Re6+ Kg7 68. Bb3 Bc8 69. Re1 Kf6 70. Ne5 Re8 71. h4 Rg8 72. Re3 f4  73. gxf4 Nf5+ 74. Ke4 Nxe3 75. Kxe3 Rg3+ 76. Nf3 Bg4 77. Bd1 Rh3 78. Ke4 Rh1  79. Be2 Ra1 80. Bc4 Ra4 81. Ne5 Bf5+ 82. Kd4 Rxa5 83. d6 Ra1 84. Kc5 a5 85. d7  Ke7 86. Bb5 a4 87. Nc6+ Kxd7 88. Nd4+ 1/2-1/2

[Event "URS-ch sf"]
[Site "Daugavpils"]
[Date "1978.??.??"]
[Round "?"]
[White "Tseitlin, Mark D"]
[Black "Faibisovich, Vadim Z"]
[Result "1/2-1/2"]
[WhiteElo "2480"]
[BlackElo "2460"]

1. e4 c5 2. Nf3 Nc6 3. d4 cxd4 4. Nxd4 Nf6 5. Nc3 e6 6. Ndb5 d6 7. Bf4 e5 8.  Bg5 a6 9. Na3 b5 10. Bxf6 gxf6 11. Nd5 f5 12. Qd3 f4 13. g3 Bg7 14. Rg1 Kf8 15.  O-O-O Bb7 16. Kb1 Ne7 17. Nxe7 Qxe7 18. c4 b4 19. Nc2 a5 20. f3 Rd8 21. Bh3 h5  22. Rd2 Bh6 23. gxf4 Qh4 24. Bf5 Qxf4 25. Rdg2 Qh4 26. a3 Qe7 27. axb4 axb4 28.  Nxb4 Qc7 29. Nd5 Bxd5 30. exd5 Qc5 31. Qe4 Ra8 32. Be6 Qa7 33. c5 Qa2+ 34. Kc2  Ra4 35. Rg8+ Ke7 36. cxd6+ Kxd6 37. Rxh8 Rxe4 38. fxe4 Qc4+ 39. Kb1 Qd3+ 40.  Ka2 Qa6+ 41. Kb1 Qd3+ 42. Ka2 Be3 43. Rd8+ Kc5 44. Rc8+ Kd4 45. d6 Qa6+ 1/2-1/2

[Event "URS-ch sf"]
[Site "Daugavpils"]
[Date "1978.??.??"]
[Round "?"]
[White "Tseitlin, Mark D"]
[Black "Kapengut, Albert Z"]
[Result "0-1"]
[WhiteElo "2480"]
[BlackElo "2465"]

1. d4 Nf6 2. Nf3 g6 3. Bf4 d6 4. Nc3 Nh5 5. Bg5 h6 6. Bd2 Bg7 7. e4 e5 8. Be3  c6 9. Qd2 Nd7 10. O-O-O Qf6 11. h4 a6 12. g4 Qxf3 13. Be2 Qf6 14. dxe5 dxe5 15.  gxh5 gxh5 16. f4 Qe7 17. Bxh5 exf4 18. Bxf4 Ne5 19. Rhg1 Bf6 20. Rg3 Nc4 21.  Qg2 Qb4 22. Rdd3 Qxb2+ 23. Kd1 Be6 24. e5 Bxh4 25. Rg6 Qa1+ 26. Bc1 Nb2+ 27.  Ke2 Nxd3 28. Rxe6+ Kd7 29. Rd6+ Kc7 30. Bd2 Rag8 31. Qe4 Nc5 32. Qf3 Qg1 33.  Qxf7+ Kb8 0-1

[Event "URS-ch sf"]
[Site "Daugavpils"]
[Date "1978.??.??"]
[Round "?"]
[White "Tseshkovsky, Vitaly"]
[Black "Klovans, Janis"]
[Result "1-0"]
[WhiteElo "2570"]
[BlackElo "2490"]

1. e4 e5 2. Nf3 Nc6 3. Bb5 a6 4. Ba4 d6 5. O-O Bd7 6. d4 Nf6 7. c3 g6 8. Re1  Bg7 9. d5 Nb8 10. c4 O-O 11. Nc3 Nh5 12. Be3 Bxa4 13. Nxa4 Nd7 14. c5 b5 15.  cxb6 cxb6 16. Rc1 b5 17. Nc3 Nb6 18. b3 Nf6 19. Nd2 Nfd7 20. a4 bxa4 21. bxa4  Rc8 22. Qe2 Nb8 23. a5 N6d7 24. Nc4 Nc5 25. Rb1 Qe7 26. Rb6 Nbd7 27. Rxd6 Nb3  28. Rc6 Nd4 29. Bxd4 exd4 30. Rxc8 Rxc8 31. Na2 Qc5 32. Qd2 Nf6 33. Nb6 Re8 34.  f3 Nh5 35. Rc1 Qe7 36. Nb4 Qh4 37. Nd3 f5 38. exf5 gxf5 39. d6 Bf6 40. d7 Re3  41. Nd5 1-0

[Event "URS-ch sf"]
[Site "Daugavpils"]
[Date "1978.??.??"]
[Round "?"]
[White "Tseshkovsky, Vitaly"]
[Black "Mihalcisin, Adrian"]
[Result "0-1"]
[WhiteElo "2570"]
[BlackElo "2460"]

1. e4 e5 2. Nf3 Nc6 3. Bb5 a6 4. Ba4 Nf6 5. O-O Be7 6. Re1 d6 7. c3 Bg4 8. h3  Bh5 9. d3 Qd7 10. Nbd2 g5 11. Bxc6 Qxc6 12. d4 O-O-O 13. Qb3 g4 14. hxg4 Nxg4  15. Nc4 Rhg8 16. Na5 Qb5 17. Qxb5 axb5 18. a4 exd4 19. Nxd4 bxa4 20. Nf5 Bf6  21. Rxa4 Ne5 22. Re3 Bf3 23. Ng3 Bd1 24. Rd4 Bg4 25. Ra4 Bd1 26. Rd4 Bg4 27.  Ra4 h5 28. Nc4 Nxc4 29. Rxc4 h4 30. Nf5 d5 31. Ra4 dxe4 32. Ra8+ Kd7 33. Rxd8+  Rxd8 34. Nh6 Be6 35. Rxe4 Kc6 36. Re1 Rd5 37. f3 b5 38. Ng4 Bg7 39. Be3 b4 40.  cxb4 Bxb2 41. Rb1 Bg7 42. Rc1+ Kd7 43. Kf2 f5 44. Nh2 Bf8 45. f4 Bxb4 46. Nf3  c5 47. Nxh4 Kc6 48. Nf3 Kb5 49. Ne1 Rd6 50. Nc2 Bc4 51. Ra1 Be6 52. Ra8 Kc4 53.  Rb8 Ra6 54. Nxb4 cxb4 55. Bd2 b3 56. Ke3 Ra1 57. Rb4+ Kc5 58. Kd3 Ra2 59. Bc3  Rxg2 60. Ra4 Rg3+ 61. Kd2 Bc4 62. Be5 Rg2+ 63. Kc1 Bd3 64. Bd4+ Kb5 65. Ra8  Rc2+ 66. Kd1 Be2+ 67. Ke1 Kc4 68. Be5 b2 69. Rb8 Rc1+ 70. Kxe2 b1=Q 71. Rxb1  Rxb1 72. Ke3 Rb3+ 73. Kf2 Kd5 74. Bf6 Ke4 75. Be5 Kd5 76. Bf6 Ke6 77. Bd4 Kf7  78. Be5 Kg6 79. Bd4 Kh5 80. Be5 Kg4 81. Bd6 Rb2+ 82. Ke3 Kg3 83. Be5 Rb3+ 84.  Ke2 Kg2 0-1

[Event "URS-ch sf"]
[Site "Daugavpils"]
[Date "1978.??.??"]
[Round "?"]
[White "Tseshkovsky, Vitaly"]
[Black "Nikolaevsky, Yuri V"]
[Result "1-0"]
[WhiteElo "2570"]
[BlackElo "2200"]

1. e4 Nc6 2. Nf3 d6 3. d4 g6 4. d5 Nb8 5. Nc3 Bg7 6. Bf4 Bg4 7. h3 Bxf3 8. Qxf3  a6 9. g4 Nd7 10. h4 c5 11. dxc6 bxc6 12. Bc4 e6 13. O-O-O Ne5 14. Qe2 h5 15.  gxh5 Rxh5 16. Bg3 Ne7 17. Bb3 c5 18. f4 N5c6 19. f5 Nd4 20. Qh2 gxf5 21. Bxd6  f4 22. Bxf4 Nec6 23. Ba4 Rc8 24. Rhg1 Qf6 25. Bg5 Qe5 26. Qd2 Qb8 27. Rdf1 Be5  28. Qf2 Rh7 29. Bf6 Kf8 30. Rg5 Qd6 31. Bxe5 Nxe5 32. Qg3 Ke7 33. Rxe5 Rh5 34.  Qg7 1-0

[Event "URS-ch sf"]
[Site "Daugavpils"]
[Date "1978.??.??"]
[Round "?"]
[White "Tseshkovsky, Vitaly"]
[Black "Petrosian, Arshak B"]
[Result "0-1"]
[WhiteElo "2570"]
[BlackElo "2415"]

1. e4 e5 2. Nf3 Nc6 3. Bb5 a6 4. Ba4 Nf6 5. O-O Be7 6. Re1 d6 7. c3 Bg4 8. d3  O-O 9. Nbd2 Re8 10. h3 Bd7 11. Nf1 Bf8 12. Ng3 g6 13. a3 a5 14. Bd2 Nb8 15. Bc2  a4 16. c4 Bc6 17. d4 exd4 18. Nxd4 Bd7 19. Bc3 h5 20. Nf3 Bg7 21. e5 dxe5 22.  Nxe5 Nc6 23. Nxd7 Rxe1+ 24. Bxe1 Nxd7 25. Bxa4 Bxb2 26. Ra2 Nc5 27. Rxb2 Nxa4  28. Rd2 Qh4 29. Rd7 Nc5 30. Rd5 Ne6 31. Qb3 Ncd4 32. Qxb7 Rxa3 33. Qb2 Rb3 34.  Qa1 c5 35. Bc3 Qf4 36. Bxd4 cxd4 37. Rb5 Rc3 38. Ne2 Qd2 39. Nxc3 dxc3 40. c5  Nd4 41. Rb8+ Kh7 42. Rb7 c2 43. Rxf7+ Kh6 44. Qa8 c1=Q+ 45. Kh2 Qf4+ 46. Rxf4  Qxf4+ 0-1